[Event "CYCC U18"]
[Site "Ottawa CAN"]
[Date "2007.07.04"]
[Round "3"]
[White "Ye, Ling Feng"]
[Black "Jia, Derek"]
[Result "1-0"]
[WhiteElo "2084"]
[BlackElo "2004"]
[PlyCount "47"]
[GameId "2160767910667567"]
[EventDate "2007.07.03"]
[EventType "swiss"]
[EventRounds "6"]
[EventCountry "CAN"]
[SourceTitle "EXT 2022"]
[Source "ChessBase"]
[SourceDate "2021.10.06"]
[SourceVersion "1"]
[SourceVersionDate "2021.10.06"]
[SourceQuality "1"]

1. e4 c5 2. Nc3 e6 3. Nf3 d6 4. d4 cxd4 5. Nxd4 a6 6. Be3 Nf6 7. Be2 Qc7 8. O-O Be7 9. f4 b5 10. a3 Bb7 11. Bd3 e5 12. Nf5 O-O 13. Kh1 Re8 14. fxe5 dxe5 15. Qf3 Bf8 16. Qg3 Kh8 17. Rf3 Nbd7 18. Bg5 Rac8 19. Raf1 Qb6 20. Qh4 Ng8 21. Rh3 h6 22. Be3 Qg6 23. Rg3 Qh7 24. Nxg7 1-0

[Event "CYCC U18"]
[Site "Ottawa CAN"]
[Date "2007.07.04"]
[Round "4"]
[White "Davidson, Benjamin"]
[Black "Tam, Timothy"]
[Result "1-0"]
[WhiteElo "1728"]
[BlackElo "1876"]
[PlyCount "107"]
[GameId "2160767910667568"]
[EventDate "2007.07.03"]
[EventType "swiss"]
[EventRounds "6"]
[EventCountry "CAN"]
[SourceTitle "EXT 2022"]
[Source "ChessBase"]
[SourceDate "2021.10.06"]
[SourceVersion "1"]
[SourceVersionDate "2021.10.06"]
[SourceQuality "1"]

1. e4 c5 2. Nf3 e6 3. d4 cxd4 4. Nxd4 Nf6 5. Nc3 Nc6 6. Be2 Be7 7. O-O O-O 8. Kh1 a6 9. f4 d5 10. e5 Nd7 11. Be3 Qc7 12. Bd3 Nxd4 13. Bxd4 Bc5 14. Ne2 b5 15. c3 Bb7 16. Rf3 f6 17. exf6 Nxf6 18. Qc2 Ne4 19. Raf1 Bd6 20. Ng3 Rxf4 21. Rxf4 Bxf4 22. Nxe4 dxe4 23. Bxe4 Bxe4 24. Qxe4 Rf8 25. Qxe6+ Qf7 26. Qg4 g5 27. g3 h5 28. Qe2 Qd5+ 29. Kg1 Bd6 30. Rxf8+ Bxf8 31. Qxh5 Qf5 32. b4 Qb1+ 33. Kg2 Qxa2+ 34. Kh3 Qe6+ 35. Qg4 Qg6 36. Qf3 Qe6+ 37. g4 Qh6+ 38. Kg2 Qe6 39. Kf2 Qa2+ 40. Qe2 Qf7+ 41. Ke1 Qd5 42. Qe5 Qh1+ 43. Kd2 Qg2+ 44. Kc1 Qf1+ 45. Kb2 Qg2+ 46. Ka3 Qf1 47. Qxg5+ Kh7 48. Qf5+ Qxf5 49. gxf5 a5 50. Bc5 axb4+ 51. Kxb4 Bg7 52. Bd4 Bf8+ 53. Kxb5 Bd6 54. h3 1-0

[Event "CYCC U18"]
[Site "Ottawa CAN"]
[Date "2007.07.04"]
[Round "4"]
[White "Jia, Derek"]
[Black "Perelman, Leon"]
[Result "0-1"]
[WhiteElo "2004"]
[BlackElo "1800"]
[PlyCount "84"]
[GameId "2160767910667569"]
[EventDate "2007.07.03"]
[EventType "swiss"]
[EventRounds "6"]
[EventCountry "CAN"]
[SourceTitle "EXT 2022"]
[Source "ChessBase"]
[SourceDate "2021.10.06"]
[SourceVersion "1"]
[SourceVersionDate "2021.10.06"]
[SourceQuality "1"]

1. e4 c5 2. Nf3 d6 3. d4 cxd4 4. Nxd4 Nf6 5. Nc3 g6 6. Be3 Bg7 7. f3 Nc6 8. Qd2 O-O 9. Bc4 Bd7 10. O-O-O Rc8 11. Bb3 Ne5 12. h4 h5 13. Bg5 Rc5 14. Nd5 Nxd5 15. exd5 a5 16. a3 a4 17. Ba2 Qb6 18. Qb4 Qc7 19. Bxe7 Rc8 20. c3 Ra8 21. Bg5 Ra6 22. Ne2 Rb6 23. Qf4 Bf5 24. Qe3 Rcb5 25. Nd4 Rxb2 26. Nxf5 gxf5 27. Rd2 Nc4 28. Bxc4 Rb1+ 29. Kc2 Rxh1 30. Ba2 Ra1 31. Kd3 Qxc3+ 32. Ke2 Qxe3+ 33. Bxe3 Rb2 34. Bc4 Kh7 35. Rxb2 Bxb2 36. Bf4 Bxa3 37. Bd3 Ra2+ 38. Kf1 Bc5 39. Bxf5+ Kg7 40. Bg3 a3 41. Be1 Ra1 42. Ke2 Rxe1+ 0-1

[Event "CYCC U18"]
[Site "Ottawa CAN"]
[Date "2007.07.05"]
[Round "4"]
[White "Fokkema, Jerred"]
[Black "Fowler, Paul"]
[Result "1-0"]
[WhiteElo "1857"]
[BlackElo "1403"]
[PlyCount "31"]
[GameId "2160767910667571"]
[EventDate "2007.07.03"]
[EventType "swiss"]
[EventRounds "6"]
[EventCountry "CAN"]
[SourceTitle "EXT 2022"]
[Source "ChessBase"]
[SourceDate "2021.10.06"]
[SourceVersion "1"]
[SourceVersionDate "2021.10.06"]
[SourceQuality "1"]

1. e4 e5 2. Nf3 Nc6 3. Bc4 Bc5 4. c3 Nf6 5. d4 exd4 6. e5 Ng4 7. cxd4 Bb4+ 8. Nc3 O-O 9. h3 d5 10. Bd3 Nf6 11. exf6 Re8+ 12. Be3 Qxf6 13. Rc1 Nxd4 14. Nxd4 Qxd4 15. Bxh7+ Kxh7 16. Qxd4 1-0

[Event "CYCC U18"]
[Site "Ottawa CAN"]
[Date "2007.07.05"]
[Round "5"]
[White "Balanaser, Morgan"]
[Black "Jia, Derek"]
[Result "0-1"]
[WhiteElo "1319"]
[BlackElo "2004"]
[PlyCount "106"]
[GameId "2160767910667572"]
[EventDate "2007.07.03"]
[EventType "swiss"]
[EventRounds "6"]
[EventCountry "CAN"]
[SourceTitle "EXT 2022"]
[Source "ChessBase"]
[SourceDate "2021.10.06"]
[SourceVersion "1"]
[SourceVersionDate "2021.10.06"]
[SourceQuality "1"]

1. d4 c5 2. d5 e6 3. e4 d6 4. c4 Nf6 5. Nc3 Be7 6. Nf3 O-O 7. Bd3 Re8 8. O-O e5 9. Bd2 Nbd7 10. a4 Nf8 11. Nb5 Ng6 12. b4 cxb4 13. Bxb4 Bg4 14. h3 Bxf3 15. Qxf3 a6 16. Nc3 Qc7 17. Qe3 Rac8 18. Rfc1 Nf4 19. Bf1 Nd7 20. Ne2 Ng6 21. a5 h6 22. Qa3 Nc5 23. Bxc5 Qxc5 24. Qxc5 Rxc5 25. Ng3 Rd8 26. Rcb1 Rd7 27. Ra4 Nf4 28. Rb3 g6 29. Ne2 Nh5 30. g4 Nf6 31. Nc1 Nxe4 32. Rd3 Rcc7 33. Nb3 Bd8 34. f3 Nc5 35. Nxc5 Rxc5 36. Rda3 Kg7 37. Kf2 f5 38. Kg3 Kf6 39. f4 exf4+ 40. Kxf4 g5+ 41. Kf3 Re7 42. Bd3 f4 43. Be4 Re5 44. Ra2 Re8 45. R2a3 Re5 46. Ra2 Re7 47. Ra1 Kf7 48. R1a2 Rec7 49. Bd3 Bf6 50. Re2 Re7 51. Rxe7+ Bxe7 52. Bf5 Kf6 53. Ke4 Bd8 0-1

[Event "CYCC U18"]
[Site "Ottawa CAN"]
[Date "2007.07.05"]
[Round "5"]
[White "Fowler, Paul"]
[Black "Visser, Craig"]
[Result "1-0"]
[WhiteElo "1403"]
[BlackElo "1325"]
[PlyCount "79"]
[GameId "2160767910667574"]
[EventDate "2007.07.03"]
[EventType "swiss"]
[EventRounds "6"]
[EventCountry "CAN"]
[SourceTitle "EXT 2022"]
[Source "ChessBase"]
[SourceDate "2021.10.06"]
[SourceVersion "1"]
[SourceVersionDate "2021.10.06"]
[SourceQuality "1"]

1. d4 d5 2. c4 e6 3. Nc3 Nf6 4. Nf3 Bb4 5. Qc2 Bxc3+ 6. bxc3 O-O 7. Bg5 h6 8. Bh4 g5 9. Bg3 Ne4 10. e3 g4 11. Ne5 h5 12. Bd3 c6 13. Bxe4 dxe4 14. Qxe4 f5 15. Qf4 h4 16. Qh6 Qf6 17. Qxh4 Qxh4 18. Bxh4 b5 19. cxb5 cxb5 20. Ng6 Re8 21. h3 Bb7 22. hxg4 fxg4 23. Ne5 Bxg2 24. Rg1 Bh3 25. Nxg4 Bxg4 26. Rxg4+ Kf7 27. Rb1 a6 28. Rf4+ Kg6 29. Kd2 Nc6 30. Rg1+ Kh5 31. Rg5+ Kh6 32. Rf6+ Kh7 33. Rh5+ Kg7 34. Rhh6 Ne7 35. Bg3 Ng8 36. Rhg6+ Kh7 37. Rxe6 Rf8 38. Rxa6 Rab8 39. Rgb6 Rbc8 40. Ra7+ 1-0

[Event "CYCC U18"]
[Site "Ottawa CAN"]
[Date "2007.07.05"]
[Round "5"]
[White "Perelman, Leon"]
[Black "Fokkema, Jerred"]
[Result "0-1"]
[WhiteElo "1800"]
[BlackElo "1857"]
[PlyCount "72"]
[GameId "2160767910667575"]
[EventDate "2007.07.03"]
[EventType "swiss"]
[EventRounds "6"]
[EventCountry "CAN"]
[SourceTitle "EXT 2022"]
[Source "ChessBase"]
[SourceDate "2021.10.06"]
[SourceVersion "1"]
[SourceVersionDate "2021.10.06"]
[SourceQuality "1"]

1. e4 c5 2. Nf3 d6 3. d4 cxd4 4. Nxd4 Nf6 5. Nc3 a6 6. Bc4 e6 7. Bb3 b5 8. O-O Be7 9. Qf3 Qc7 10. Qg3 Bd7 11. f3 b4 12. Nb1 Nc6 13. Nxc6 Qxc6 14. Be3 Rd8 15. c4 Nh5 16. Qf2 O-O 17. Nd2 g6 18. Rfd1 Ng7 19. Rac1 Bf6 20. Bd4 e5 21. Be3 Ne6 22. c5 Rc8 23. Bd5 Qb5 24. Nb3 Nxc5 25. Nxc5 dxc5 26. Bxc5 Rfd8 27. a3 Bg5 28. Be3 Rxc1 29. Rxc1 Bxe3 30. Qxe3 bxa3 31. bxa3 Be8 32. Qc3 Bd7 33. Bc4 Qc5+ 34. Kf1 Bb5 35. a4 Bxc4+ 36. Qxc4 Rd1+ 0-1

[Event "CYCC U18"]
[Site "Ottawa CAN"]
[Date "2007.07.05"]
[Round "5"]
[White "Tam, Timothy"]
[Black "Ye, Ling Feng"]
[Result "0-1"]
[WhiteElo "1876"]
[BlackElo "2084"]
[PlyCount "118"]
[GameId "2160767910667576"]
[EventDate "2007.07.03"]
[EventType "swiss"]
[EventRounds "6"]
[EventCountry "CAN"]
[SourceTitle "EXT 2022"]
[Source "ChessBase"]
[SourceDate "2021.10.06"]
[SourceVersion "1"]
[SourceVersionDate "2021.10.06"]
[SourceQuality "1"]

1. e4 c5 2. Nf3 e6 3. d4 cxd4 4. Nxd4 Nf6 5. Nc3 d6 6. g3 Be7 7. Bg2 O-O 8. O-O a6 9. a4 Nc6 10. h3 Qc7 11. Be3 Ne5 12. Nf3 Nc4 13. Bc1 Bd7 14. b3 Na5 15. Qd3 Rac8 16. Bb2 Nc6 17. Rad1 Rfd8 18. Qe2 Qa5 19. Rfe1 Ne5 20. Nxe5 dxe5 21. Qf3 Bb4 22. Re3 Bc5 23. Red3 Bd4 24. Kh2 b5 25. axb5 axb5 26. Ra1 Qb6 27. Rad1 b4 28. Na4 Bxa4 29. Bxd4 exd4 30. bxa4 Rxc2 31. Rb1 Qc5 32. Rdb3 Rc3 33. Qd1 Rxb3 34. Rxb3 h6 35. Qd2 Rb8 36. a5 e5 37. a6 Qa5 38. Qd3 Nd7 39. Qc4 Nc5 40. a7 Qxa7 41. Rxb4 Rxb4 42. Qxb4 Qc7 43. Qc4 Ne6 44. Qe2 Qd6 45. Bf1 Nc5 46. f3 d3 47. Qd2 Qd4 48. Kg2 g6 49. h4 Kg7 50. Kh2 Qc4 51. Kh3 Qc2 52. Qe3 d2 53. Be2 Nd3 54. Bxd3 Qc8+ 55. g4 d1=Q 56. Be2 Qh1+ 57. Kg3 Qcc1 58. Qxc1 Qxc1 59. Kg2 Qe1 0-1

[Event "CYCC U18"]
[Site "Ottawa CAN"]
[Date "2007.07.05"]
[Round "6"]
[White "Davidson, Benjamin"]
[Black "Perelman, Leon"]
[Result "0-1"]
[WhiteElo "1725"]
[BlackElo "1800"]
[PlyCount "48"]
[GameId "2160767910667577"]
[EventDate "2007.07.03"]
[EventType "swiss"]
[EventRounds "6"]
[EventCountry "CAN"]
[SourceTitle "EXT 2022"]
[Source "ChessBase"]
[SourceDate "2021.10.06"]
[SourceVersion "1"]
[SourceVersionDate "2021.10.06"]
[SourceQuality "1"]

1. e4 c5 2. Nf3 d6 3. d4 cxd4 4. Nxd4 Nf6 5. Nc3 g6 6. Be3 Bg7 7. f3 Nc6 8. Qd2 O-O 9. O-O-O Bd7 10. Nxc6 bxc6 11. Bh6 Rb8 12. Bxg7 Kxg7 13. g4 Qa5 14. h4 Be6 15. b3 Qa3+ 16. Kb1 a5 17. Qd4 Rb4 18. Qd2 a4 19. Nxa4 Rxa4 20. c4 Rb8 21. h5 Rab4 22. hxg6 Rxb3+ 23. Ka1 Rb2 24. Qh6+ Kh8 0-1

[Event "CYCC U18"]
[Site "Ottawa CAN"]
[Date "2007.07.05"]
[Round "6"]
[White "Fokkema, Jerred"]
[Black "Ye, Ling Feng"]
[Result "0-1"]
[WhiteElo "1857"]
[BlackElo "2084"]
[PlyCount "64"]
[GameId "2160767910667578"]
[EventDate "2007.07.03"]
[EventType "swiss"]
[EventRounds "6"]
[EventCountry "CAN"]
[SourceTitle "EXT 2022"]
[Source "ChessBase"]
[SourceDate "2021.10.06"]
[SourceVersion "1"]
[SourceVersionDate "2021.10.06"]
[SourceQuality "1"]

1. e4 c5 2. Nf3 e6 3. d4 cxd4 4. Nxd4 Nf6 5. Nc3 d6 6. Be3 a6 7. f3 b5 8. Qd2 Nbd7 9. g4 h6 10. O-O-O Bb7 11. Bd3 b4 12. Na4 Qa5 13. b3 Nc5 14. Nxc5 dxc5 15. Ne2 Qxa2 16. Qe1 Rd8 17. Qf2 Bxe4 18. Rhf1 Bxd3 19. Rxd3 Rxd3 20. cxd3 Nd7 21. Ng3 Qxb3 22. Qc2 Qxc2+ 23. Kxc2 Be7 24. Ra1 O-O 25. Rxa6 Ne5 26. Ra7 Re8 27. Ne4 Nxf3 28. h3 Bf8 29. Rc7 Rd8 30. Nf2 Ra8 31. Kb3 Ra3+ 32. Kc4 Ne5+ 0-1

[Event "CYCC U18"]
[Site "Ottawa CAN"]
[Date "2007.07.05"]
[Round "6"]
[White "Fowler, Paul"]
[Black "Tam, Timothy"]
[Result "0-1"]
[WhiteElo "1403"]
[BlackElo "1876"]
[PlyCount "70"]
[GameId "2160767910667579"]
[EventDate "2007.07.03"]
[EventType "swiss"]
[EventRounds "6"]
[EventCountry "CAN"]
[SourceTitle "EXT 2022"]
[Source "ChessBase"]
[SourceDate "2021.10.06"]
[SourceVersion "1"]
[SourceVersionDate "2021.10.06"]
[SourceQuality "1"]

1. d4 Nf6 2. c4 e6 3. Nc3 Bb4 4. Nf3 b6 5. Bg5 h6 6. Bh4 Bb7 7. e3 Bxc3+ 8. bxc3 d6 9. Be2 Nbd7 10. O-O g5 11. Bg3 Ne4 12. Qc2 h5 13. h3 f5 14. Nd2 h4 15. Bh2 Ndf6 16. Nxe4 Bxe4 17. Bd3 Bxd3 18. Qxd3 g4 19. hxg4 Nxg4 20. d5 Nxh2 21. Kxh2 Qf6 22. f4 Rg8 23. Rf3 O-O-O 24. Kg1 Qg6 25. Qd2 exd5 26. cxd5 Qg4 27. Raf1 Rg7 28. R1f2 Rdg8 29. Kf1 Rh8 30. Ke1 Qh5 31. Kd1 Rxg2 32. Kc2 Rxf2 33. Qxf2 h3 34. Qf1 h2 35. Qh1 Qxf3 0-1

[Event "CYCC U18"]
[Site "Ottawa CAN"]
[Date "2007.07.05"]
[Round "6"]
[White "Visser, Craig"]
[Black "Balanaser, Morgan"]
[Result "1/2-1/2"]
[WhiteElo "1325"]
[BlackElo "1319"]
[PlyCount "111"]
[GameId "2160767910667581"]
[EventDate "2007.07.03"]
[EventType "swiss"]
[EventRounds "6"]
[EventCountry "CAN"]
[SourceTitle "EXT 2022"]
[Source "ChessBase"]
[SourceDate "2021.10.06"]
[SourceVersion "1"]
[SourceVersionDate "2021.10.06"]
[SourceQuality "1"]

1. e4 e5 2. Nf3 Nf6 3. Nxe5 d6 4. Nf3 Nxe4 5. Qe2 Qe7 6. d3 Nf6 7. Bg5 Qxe2+ 8. Bxe2 Be7 9. Nc3 Bd7 10. Nd4 Nc6 11. Ndb5 Rc8 12. Bf3 O-O 13. O-O a6 14. Bxc6 Bxc6 15. Na7 Rcd8 16. Rfe1 Rfe8 17. Nxc6 bxc6 18. Re2 h6 19. Bh4 g5 20. Rae1 Bf8 21. Rxe8 Rxe8 22. Rxe8 Nxe8 23. Bg3 Bg7 24. Nd1 f5 25. f4 Nf6 26. fxg5 hxg5 27. h4 Nh5 28. Bf2 g4 29. g3 Be5 30. Kg2 c5 31. c3 Kf7 32. d4 cxd4 33. cxd4 Bf6 34. Ne3 Ke6 35. d5+ Ke5 36. b4 Ke4 37. a3 Ng7 38. a4 Bd4 39. a5 Bxe3 40. Bxe3 Kxe3 41. b5 Ne8 42. bxa6 c5 43. dxc6 d5 44. h5 d4 45. a7 Nc7 46. h6 d3 47. h7 d2 48. h8=Q d1=Q 49. Qe5+ Kd2 50. Qf4+ Kc3 51. Qxc7 Qe2+ 52. Kg1 Qe1+ 53. Kg2 Qe2+ 54. Kh1 Qf1+ 55. Kh2 Qf2+ 56. Kh1 1/2-1/2

[Event "CYCC U18 w"]
[Site "Ottawa CAN"]
[Date "2007.07.03"]
[Round "2"]
[White "Mandamin, Amelia"]
[Black "Nadeau, Gabrielle"]
[Result "0-1"]
[WhiteElo "1130"]
[BlackElo "1843"]
[PlyCount "62"]
[GameId "2160767910667582"]
[EventDate "2007.07.03"]
[EventType "match"]
[EventRounds "4"]
[EventCountry "CAN"]
[SourceTitle "EXT 2022"]
[Source "ChessBase"]
[SourceDate "2021.10.06"]
[SourceVersion "1"]
[SourceVersionDate "2021.10.06"]
[SourceQuality "1"]

1. Nh3 e5 2. g3 d5 3. e3 c5 4. c3 Nc6 5. f4 e4 6. d3 Nf6 7. dxe4 Nxe4 8. c4 d4 9. Bg2 Nf6 10. e4 Bg4 11. Qa4 Bd7 12. e5 Nxe5 13. Qb3 Nc6 14. O-O Qc8 15. Bd2 Bxh3 16. Bxh3 Qxh3 17. Qxb7 Qc8 18. Qb3 Be7 19. Na3 O-O 20. Rfe1 Bd8 21. Qc2 a5 22. Nb5 Qd7 23. a3 Na7 24. Nxa7 Rxa7 25. b4 axb4 26. axb4 cxb4 27. Bxb4 Re8 28. Red1 Be7 29. Bd2 Bc5 30. Kg2 Re2+ 31. Kf3 Qg4# 0-1

[Event "CYCC U18 w"]
[Site "Ottawa CAN"]
[Date "2007.07.04"]
[Round "4"]
[White "Mandamin, Amelia"]
[Black "Nadeau, Gabrielle"]
[Result "0-1"]
[WhiteElo "1130"]
[BlackElo "1843"]
[PlyCount "56"]
[GameId "2160767910667584"]
[EventDate "2007.07.03"]
[EventType "match"]
[EventRounds "4"]
[EventCountry "CAN"]
[SourceTitle "EXT 2022"]
[Source "ChessBase"]
[SourceDate "2021.10.06"]
[SourceVersion "1"]
[SourceVersionDate "2021.10.06"]
[SourceQuality "1"]

1. e3 c5 2. c3 d5 3. d4 e6 4. dxc5 Bxc5 5. b4 Be7 6. g3 Nf6 7. Ba3 a6 8. c4 Nc6 9. c5 b6 10. Qc2 Bd7 11. Nc3 bxc5 12. bxc5 Qa5 13. Bc1 Bxc5 14. Bd2 Nb4 15. Qd1 Qd8 16. Na4 Be7 17. a3 Nc6 18. Nf3 O-O 19. g4 e5 20. h3 d4 21. g5 Ne4 22. Bd3 Nxd2 23. Nxd2 Bxg5 24. Bb1 dxe3 25. Qc2 exd2+ 26. Kd1 g6 27. h4 Bg4+ 28. f3 Bxf3# 0-1

[Event "Canada Day op"]
[Site "Toronto CAN"]
[Date "2007.06.30"]
[Round "1"]
[White "Armstrong, Robert J"]
[Black "Chidley-Hill, John"]
[Result "0-1"]
[WhiteElo "1799"]
[BlackElo "1992"]
[PlyCount "35"]
[GameId "2160767910667634"]
[EventDate "2007.06.30"]
[EventType "swiss"]
[EventRounds "6"]
[EventCountry "CAN"]
[SourceTitle "EXT 2022"]
[Source "ChessBase"]
[SourceDate "2021.10.06"]
[SourceVersion "1"]
[SourceVersionDate "2021.10.06"]
[SourceQuality "1"]

1. d4 Nf6 2. c4 e6 3. Nf3 b6 4. e3 Bb7 5. Nc3 Be7 6. d5 Bd6 7. Bd3 exd5 8. O-O O-O 9. Qc2 Re8 10. Qe2 c5 11. b3 Bc8 12. Bf5 a6 13. Qc2 Rxe3 14. Qe2 Bf8 15. Ne5 g6 16. cxd5 Rxc3 17. Qd3 Nxd5 18. Bh6 0-1

[Event "Canada Day op"]
[Site "Toronto CAN"]
[Date "2007.06.30"]
[Round "1"]
[White "Maguire, Jack"]
[Black "Laporte, Richard"]
[Result "1/2-1/2"]
[WhiteElo "1358"]
[BlackElo "1597"]
[PlyCount "85"]
[GameId "2160767910667635"]
[EventDate "2007.06.30"]
[EventType "swiss"]
[EventRounds "6"]
[EventCountry "CAN"]
[SourceTitle "EXT 2022"]
[Source "ChessBase"]
[SourceDate "2021.10.06"]
[SourceVersion "1"]
[SourceVersionDate "2021.10.06"]
[SourceQuality "1"]

1. d4 d5 2. e4 dxe4 3. Nc3 Nf6 4. f3 exf3 5. Nxf3 e6 6. Bg5 Be7 7. Bd3 Nbd7 8. O-O c5 9. dxc5 Nxc5 10. Bb5+ Bd7 11. Qe2 Bxb5 12. Qxb5+ Qd7 13. Rad1 Qxb5 14. Nxb5 O-O 15. Rfe1 a6 16. Nd6 Rfd8 17. Bxf6 Bxf6 18. b4 Na4 19. Nxb7 Rdb8 20. Nc5 Rxb4 21. Ne4 Bd8 22. Rc1 Rc8 23. a3 Rb2 24. c4 Nc5 25. Nxc5 Rxc5 26. Red1 Bb6 27. Kf1 Rf5 28. Rd6 Rf2+ 29. Ke1 Rb2 30. c5 Rxc5 31. Rxc5 Bxc5 32. Rd8+ Bf8 33. Ne5 Ra2 34. Nd7 g6 35. Rxf8+ Kg7 36. Ra8 Rxa3 37. Ke2 a5 38. Nc5 e5 39. Ra7 Kf6 40. Kf2 h5 41. h4 Ra2+ 42. Kf3 Ra3+ 43. Kf2 1/2-1/2

[Event "Canada Day op"]
[Site "Toronto CAN"]
[Date "2007.06.30"]
[Round "1"]
[White "Zhang, Brent"]
[Black "Ferreira, Alex"]
[Result "1-0"]
[WhiteElo "1825"]
[BlackElo "2006"]
[PlyCount "98"]
[GameId "2160767910667636"]
[EventDate "2007.06.30"]
[EventType "swiss"]
[EventRounds "6"]
[EventCountry "CAN"]
[SourceTitle "EXT 2022"]
[Source "ChessBase"]
[SourceDate "2021.10.06"]
[SourceVersion "1"]
[SourceVersionDate "2021.10.06"]
[SourceQuality "1"]

1. f4 e5 2. fxe5 d6 3. exd6 Bxd6 4. Nf3 g5 5. g3 g4 6. Nh4 Be7 7. Ng2 h5 8. d3 h4 9. Bf4 h3 10. Ne3 Bg5 11. Bxg5 Qxg5 12. Nc4 b5 13. Na5 b4 14. Nc4 Bb7 15. e4 f5 16. Qd2 Qe7 17. Na5 Bd5 18. c4 Bc6 19. Nxc6 Nxc6 20. Qe3 Qe5 21. Nd2 Qxb2 22. exf5+ Nge7 23. Rb1 Qd4 24. Qxd4 Nxd4 25. Ne4 Nexf5 26. Be2 Nxe2 27. Kxe2 Nd4+ 28. Ke3 O-O-O 29. Rhf1 Rhe8 30. Rf4 Nf3 31. Rb2 a5 32. Rf5 Ne5 33. Rd2 a4 34. Rf4 b3 35. axb3 axb3 36. c5 Kb7 37. Rd1 b2 38. d4 Nc4+ 39. Kd3 Na3 40. Nc3 Rf8 41. Rxg4 Rf3+ 42. Kd2 Rxc3 43. Kxc3 b1=Q 44. Rxb1+ Nxb1+ 45. Kd3 Rh8 46. d5 Na3 47. Rb4+ Ka6 48. Ra4+ Kb5 49. Rxa3 Kxc5 1-0

[Event "Canada Day op"]
[Site "Toronto CAN"]
[Date "2007.06.30"]
[Round "2"]
[White "Armstrong, Robert J"]
[Black "Posaratnanathan, Roy"]
[Result "1-0"]
[WhiteElo "1799"]
[BlackElo "1400"]
[PlyCount "68"]
[GameId "2160767910667637"]
[EventDate "2007.06.30"]
[EventType "swiss"]
[EventRounds "6"]
[EventCountry "CAN"]
[SourceTitle "EXT 2022"]
[Source "ChessBase"]
[SourceDate "2021.10.06"]
[SourceVersion "1"]
[SourceVersionDate "2021.10.06"]
[SourceQuality "1"]

1. d4 Nf6 2. c4 g6 3. Nc3 Bg7 4. e4 d6 5. f3 O-O 6. Be3 c5 7. f4 cxd4 8. Be2 Nc6 9. Qd2 Qc7 10. h4 h5 11. e5 Nd7 12. b3 dxe5 13. Bxd4 Nxd4 14. c5 Qd8 15. g4 b6 16. gxh5 gxh5 17. O-O-O Ba6 18. Bxa6 exf4 19. Nb5 Qc7 20. Nf3 e6 21. Bc8 Bh6 22. Ba6 Nxf3 23. Nd4 b5 24. b4 Nde5 25. Nf5 Qd6 26. Bc8 Qe7 27. Nxh6+ Kg7 28. Nf5+ Kh7 29. Qd7 f6 30. Kb1 Kg8 31. Qe8 Kh7 32. Rh2 exf5 33. Kc2 Qg7 34. Re1 Ng5 1-0

[Event "Canada Day op"]
[Site "Toronto CAN"]
[Date "2007.06.30"]
[Round "2"]
[White "Ferreira, Alex"]
[Black "Yu, Melvin"]
[Result "0-1"]
[WhiteElo "2006"]
[BlackElo "1948"]
[PlyCount "106"]
[GameId "2160767910667638"]
[EventDate "2007.06.30"]
[EventType "swiss"]
[EventRounds "6"]
[EventCountry "CAN"]
[SourceTitle "EXT 2022"]
[Source "ChessBase"]
[SourceDate "2021.10.06"]
[SourceVersion "1"]
[SourceVersionDate "2021.10.06"]
[SourceQuality "1"]

1. d4 d5 2. c4 c6 3. Nf3 Nf6 4. Nc3 e6 5. Bg5 dxc4 6. e4 b5 7. e5 h6 8. Bh4 g5 9. Nxg5 hxg5 10. Bxg5 Nbd7 11. Qf3 Bb7 12. exf6 Qb6 13. Be3 O-O-O 14. O-O-O Qa5 15. h4 b4 16. Nb1 Qxa2 17. Bg5 c5 18. Qg4 Nb6 19. Rh3 cxd4 20. Rxd4 Bc5 21. Bxc4 Rxd4 22. Qxd4 Qxc4+ 23. Qxc4 Nxc4 24. g4 Bxf2 25. Rh2 Be3+ 26. Bxe3 Nxe3 27. g5 Rh5 28. Nd2 Bd5 29. Re2 Nf5 30. Ne4 Kd8 31. Nc5 Rxh4 32. g6 fxg6 33. Nxe6+ Bxe6 34. Rxe6 Rh7 35. Re4 Rf7 36. Rxb4 Rxf6 37. Rb7 a6 38. Kd2 Re6 39. Kd3 Ke8 40. Rh7 Kf8 41. Kc4 Re7 42. Rh8+ Kg7 43. Ra8 Re6 44. Kd5 Rb6 45. b4 Kf6 46. Kc5 Re6 47. Kd5 Rd6+ 48. Ke4 Kg5 49. Ke5 Kg4 50. Rf8 Rb6 51. Ra8 g5 52. Ra7 Nh4 53. Ra8 Kh3 0-1

[Event "Canada Day op"]
[Site "Toronto CAN"]
[Date "2007.06.30"]
[Round "2"]
[White "Kurbatov, Misha"]
[Black "Maguire, Jack"]
[Result "1/2-1/2"]
[WhiteElo "1367"]
[BlackElo "1358"]
[PlyCount "57"]
[GameId "2160767910667639"]
[EventDate "2007.06.30"]
[EventType "swiss"]
[EventRounds "6"]
[EventCountry "CAN"]
[SourceTitle "EXT 2022"]
[Source "ChessBase"]
[SourceDate "2021.10.06"]
[SourceVersion "1"]
[SourceVersionDate "2021.10.06"]
[SourceQuality "1"]

1. e4 d5 2. exd5 Nf6 3. Nc3 Nxd5 4. Nxd5 Qxd5 5. Nf3 Bg4 6. Be2 Nc6 7. O-O O-O-O 8. d3 e6 9. h3 Bh5 10. Be3 Bc5 11. Bxc5 Qxc5 12. Re1 f6 13. c3 g5 14. Nd4 Bxe2 15. Rxe2 Nxd4 16. cxd4 Qf5 17. Qb3 Rhe8 18. Rae1 Rd6 19. Qc3 h5 20. Rc1 Rc6 21. Qd2 Rxc1+ 22. Qxc1 Qxd3 23. Rc2 Re7 24. Rd2 Qe4 25. Qc5 Qb1+ 26. Kh2 Re8 27. Qxa7 Qf5 28. Qa4 Rd8 29. Qa8+ 1/2-1/2

[Event "Canada Day op"]
[Site "Toronto CAN"]
[Date "2007.07.01"]
[Round "3"]
[White "Chidley-Hill, John"]
[Black "Villalobos, Oscar"]
[Result "0-1"]
[WhiteElo "1992"]
[BlackElo "1645"]
[PlyCount "74"]
[GameId "2160767910667640"]
[EventDate "2007.06.30"]
[EventType "swiss"]
[EventRounds "6"]
[EventCountry "CAN"]
[SourceTitle "EXT 2022"]
[Source "ChessBase"]
[SourceDate "2021.10.06"]
[SourceVersion "1"]
[SourceVersionDate "2021.10.06"]
[SourceQuality "1"]

1. d4 Nf6 2. c4 g6 3. Nc3 Bg7 4. e4 d6 5. h3 Nbd7 6. f4 e5 7. fxe5 dxe5 8. d5 Nc5 9. Bd3 Nfxe4 10. Nxe4 Nxe4 11. Nf3 Nc5 12. Be3 Nxd3+ 13. Qxd3 O-O 14. O-O f5 15. Qd2 c6 16. Bh6 e4 17. Bxg7 Kxg7 18. Ne1 cxd5 19. cxd5 Qb6+ 20. Kh1 Bd7 21. Rc1 Rac8 22. Rxc8 Rxc8 23. b3 Qc5 24. Qb2+ Qc3 25. Qa3 Qc5 26. Qb2+ Kf7 27. Qe5 Re8 28. Qf4 Bb5 29. Rf2 Qxd5 30. Nc2 Qe5 31. Qe3 Rd8 32. Rd2 Rd3 33. Rxd3 Bxd3 34. Nb4 Qc3 35. Nd5 Qa1+ 36. Kh2 Qe5+ 37. Nf4 g5 0-1